| 000 | 00732nac a22002171u 4500 | ||
|---|---|---|---|
| 008 | 100921t xxu||||| |||| 00| 0 eng d | ||
| 010 | _a78645468 | ||
| 040 | _adlc | ||
| 082 |
_a016.956005 _bSa551 |
||
| 245 |
_aAl Qaeda and Jihadi Movements Worldwide / _cJames Joseph Sanchez.[editor] |
||
| 260 |
_aSeattle,Washington: _bRefrence Corporation Aristarchus Knowledge Industry, _cC.2004. |
||
| 300 |
_aV1-10 Index; _c31cm. |
||
| 490 | _aThe Middle East, abstracts and index. | ||
| 500 | _aDonations. | ||
| 500 | _aDonations - Bibliotheca Alexandrina. | ||
| 500 | _aCumulative Index Volumes 1-10. | ||
| 600 |
_aSanchez, James Joseph.[ed] _919632 |
||
| 650 | _2BUEsh | ||
| 651 | _2BUEsh | ||
| 942 |
_cREFERENCE _k016.956005Sa551 _2ddc |
||
| 999 |
_c3572 _d3572 |
||